000 00265nam a2200097Ia 4500
001 652783
005 20250826154445.0
008 250824s9999 xx 000 0 und d
245 0 _aKAMELYALI KADIN ANTİK YENİ
_cALEXANDRE DUMAS
260 _bANTİK DÜNYA KLASİKLERİ
999 _c652783
_d652783